000 01005nam0a22002531 4500
001 rc\2771456
005 20250806202711.0
035 _a(NLR Aleph) 006897825
090 _a28300
_c28300
100 _a20110915d1941 u y0rusy50 ca
101 0 _arus
102 _aRU
105 _aa z |||||
200 1 _aЗамер и подсчет нефтепродуктов в резервуарах, трубопроводах и железнодорожных цистернах
_e[Практ. пособие]
_fУпр. снабжения горючим Кр. Армии
210 _aМосква
_cВоениздат
_d1941
_eЛенинград
215 _a72 с.
_cил., черт.
_d17 см.
712 0 1 _aСССР
_bУправление снабжения горючим Кр. Армии
801 0 _aRU
_bNLR
_gpsbo
801 1 _aRU
_bELAR
_2rusmarc
852 _aNLR
_jТ14 Г-2/18
942 _cBOOK
945 _aРоссийская национальная библиотека
980 _aNB
980 _aBV